000 00302nam a22001337a 4500
020 _a817826330-0
082 _a823
_bGRI/H
100 _aBROTHERS GRIMM
245 _aHANSEL AND GRETEL
260 _aDELHI
_bROHAN BOOK COMPANY
_c2003
300 _a224
650 _aMODERN ILLUSTRATED CLASSICS
942 _cBK
999 _c272
_d272